Loading...
| MB | 0 | 4 | 1 | 2 | 35 | 78 | 109.00 | 0 | 1 | 0.00 | 0.00 |
| DM | 1 | 1 | 0 | 0 | 25 | 67 | 89.50 | 0 | 2 | 0.00 | 0.00 |
| AG | 0 | 2 | 0 | 1 | 20 | 126 | 129.50 | 1 | 2 | 0.00 | 0.00 |
| AR | 1 | 0 | 0 | 0 | 15 | 25 | 25.00 | 1 | 1 | 0.00 | 0.00 |
| RR | 0 | 2 | 1 | 1 | 15 | 99 | 111.00 | 0 | 2 | 0.00 | 0.00 |
| TR | 0 | 2 | 1 | 0 | 15 | 94 | 95.00 | 0 | 2 | 0.00 | 0.00 |
| AW | 0 | 1 | 0 | 1 | 10 | 124 | 124.00 | 0 | 0 | 0.00 | 0.00 |
| AK | 0 | 1 | 0 | 0 | 10 | 99 | 99.00 | 0 | 1 | 0.00 | 0.00 |
| AR | Antonio Vivaldi | 15 | 25 |
| DM | Russia | 15 | 67 |
| MB | Kongo kingdom | 10 | 78 |
| TR | 1810s | 10 | 94 |
| RR | King Philip's War | -5 | 95 |
| TR | Armenians | 10 | 96 |
| MB | abortion ban | 10 | 98 |
| RR | Reconstruction | 10 | 99 |
| AK | Farm Security Administration | 10 | 99 |
| DM | Manila galleons | 10 | 112 |